000 00304nam a22001457a 4500
008 210512b ||||| |||| 00| 0 eng d
020 _a0138232873
041 _aeng
080 _22nd
_a316
082 _a316
100 _a50
101 _aSOC
245 _aSociology
_cMacionis,J.J
942 _2udc
_cBK
999 _c57283
_d57283